The Fragrance of beauty / (Record no. 356599)
[ view plain ]
| 000 -LEADER | |
|---|---|
| fixed length control field | 00518nam a2200205Ia 4500 |
| 008 - FIXED-LENGTH DATA ELEMENTS--GENERAL INFORMATION | |
| fixed length control field | 180523s9999 xx 000 0 und d |
| 020 ## - INTERNATIONAL STANDARD BOOK NUMBER | |
| International Standard Book Number | 0-88207-231-5 |
| 050 ## - LIBRARY OF CONGRESS CALL NUMBER | |
| Classification number | MAIN BV 4527 |
| 050 ## - LIBRARY OF CONGRESS CALL NUMBER | |
| Item number | .L36 1973 |
| 100 ## - MAIN ENTRY--PERSONAL NAME | |
| Personal name | Landorf, Joyce |
| 245 #4 - TITLE STATEMENT | |
| Title | The Fragrance of beauty / |
| 245 #0 - TITLE STATEMENT | |
| Statement of responsibility, etc | Joyce Landorf. |
| 260 ## - PUBLICATION, DISTRIBUTION, ETC. (IMPRINT) | |
| Place of publication, distribution, etc | Wheaton, Ill. : |
| 260 ## - PUBLICATION, DISTRIBUTION, ETC. (IMPRINT) | |
| Name of publisher, distributor, etc | Victor Books. |
| 260 ## - PUBLICATION, DISTRIBUTION, ETC. (IMPRINT) | |
| Date of publication, distribution, etc | 1973 |
| 300 ## - PHYSICAL DESCRIPTION | |
| Extent | 143pages : |
| 300 ## - PHYSICAL DESCRIPTION | |
| Dimensions | 18 cm. |
| 650 ## - SUBJECT ADDED ENTRY--TOPICAL TERM | |
| Topical term or geographic name as entry element | Christian women -- Religious life. |
| 650 ## - SUBJECT ADDED ENTRY--TOPICAL TERM | |
| General subdivision | Beauty, Personal. |
| Withdrawn status | Lost status | Damaged status | Home library | Current library | Shelving location | Date acquired | Cost, normal purchase price | Total Checkouts | Full call number | Barcode | Date last seen | Price effective from | Koha item type |
|---|---|---|---|---|---|---|---|---|---|---|---|---|---|
| South Mansfield College | South Mansfield College | 03/07/2005 | 0.00 | MAIN BV 4527 .L36 1973 | SMC02400 | 05/23/2018 | 05/23/2018 |